000 00671nam a22002297a 4500
999 _c1408
_d1408
001 1408
003 BD-JhCC
005 20171018202003.0
008 171018s2000 bg ||||| ||a| 00| 0 ben d
020 _a9844101778
035 _a(BD-JhCC)1408
040 _aBD-JhCC
_dBD-JhCC
041 _aben
082 _a954.9205
_bMAM 2000
100 _aমুনতাসির, মামুন
245 _aরাজাকারের মন /
_cমামুন মুনতাসির
260 _aঢাকা :
_bমাওলা ব্রাদার্স,
_c2000.
300 _a445 p. :
_c22 cm.
650 _aHistory of Liberation
942 _2ddc
_cBK